01331nam a2200325Ia 4500001001200000003000800012006001900020007001500039008004100054020001800095020001500113040002100128035002100149050002800170082001700198100002800215245013200243260004100375300001600416490005400432504006400486533015200550650003100702650001000733650003500743655002900778710001700807830005500824856012600879ebr10464091CaPaEBRm u cr cn|||||||||060119s2006 enk sb 001 0 eng d z9781855753884 z185575388X aCaPaEBRcCaPaEBR a(OCoLC)72795163614aBF175.5.I53bC53 2006eb04a616.89142221 aClark, Margaret,d1938-10aUnderstanding the self-ego relationship in clinical practiceh[electronic resource] :btowards individuation /cMargaret Clark. aLondon ;aNew York :bKarnac,c2006. axvi, 118 p.1 aSociety of Analytical Psychology monograph series aIncludes bibliographical references (p. 105-111) and index. aElectronic reproduction.bPalo Alto, Calif. :cebrary,d2011.nAvailable via World Wide Web.nAccess may be limited to ebrary affiliated libraries. 0aIndividuation (Psychology) 0aSelf. 0aClient-centered psychotherapy. 7aElectronic books.2local2 aebrary, Inc. 0aSociety of Analytical Psychology monograph series.40uhttp://site.ebrary.com/lib/rucke/Doc?id=10464091zAn electronic book accessible through the World Wide Web; click to view